Historia de pajarito remendado /
Guardado en:
| Autor Principal: | |
|---|---|
| Otros Autores: | |
| Formato: | Libro |
| Publicado: |
Buenos Aires :
Edelvives,
2015
|
| Series: | Ala delta
|
| Materias: | |
| Etiquetas: |
Agregar Etiqueta
Sin Etiquetas, Sea el primero en etiquetar este registro!
|
| LEADER | 00741nam a22002415a 4500 | ||
|---|---|---|---|
| 001 | CEM.cems015186 | ||
| 005 | 20191011162213.0 | ||
| 008 | 130507s2015##################000#0#####d | ||
| 003 | CEMS | ||
| 020 | |a 9789876423601 | ||
| 082 | 0 | 4 | |a A868.4 |
| 100 | 1 | |a Roldán, Gustavo | |
| 245 | 1 | 0 | |a Historia de pajarito remendado / |c Gustavo Roldán ; ilustrado Por María Wernicke |
| 260 | |a Buenos Aires : |b Edelvives, |c 2015 | ||
| 300 | |a 40 p. | ||
| 490 | 0 | |a Ala delta | |
| 653 | |a Literatura | ||
| 653 | |a Literatura argentina | ||
| 653 | |a Literatura infantil | ||
| 653 | |a Cuentos infantiles | ||
| 653 | |a Colección ciencias de la educación | ||
| 700 | 1 | |a Wernicke, María | |
| 859 | |a CEMS |b BIB. CEMS - Ccias. Educacion |h A868.4 |i R643-3 |k CE |p 28337.19 |t Ej.1 | ||
